书目信息 |
| 题名: |
深基坑工程设计理论及工程应用
|
|
| 作者: | 郑刚 , 焦莹 编著 ;顾晓鲁 主审 | |
| 分册: | ||
| 出版信息: | 北京 中国建筑工业出版社 2010.12 |
|
| 页数: | 436页 | |
| 开本: | 26cm | |
| 丛书名: | ||
| 单 册: | ||
| 中图分类: | TU473.2 | |
| 科图分类: | ||
| 主题词: | 深基础--shen ji chu--结构设计 , 深基础--shen ji chu--工程施工 | |
| 电子资源: | ||
| ISBN: | 978-7-112-12647-7 | |
| 000 | 01132nam0 2200301 450 | |
| 001 | B20110001051 | |
| 005 | 20110711160825.29 | |
| 010 | @a978-7-112-12647-7@dCNY66.00 | |
| 100 | @a20110107d2010 km y0chiy50 ea | |
| 101 | 0 | @achi |
| 102 | @aCN@b110000 | |
| 105 | @aa a 000yy | |
| 106 | @ar | |
| 200 | 1 | @a深基坑工程设计理论及工程应用@Ashen ji keng gong cheng she ji li lun ji gong cheng ying yong@f郑刚, 焦莹编著@g顾晓鲁主审 |
| 210 | @a北京@c中国建筑工业出版社@d2010.12 | |
| 215 | @a436页@c图@d26cm | |
| 320 | @a有书目 | |
| 330 | @a全书共分7章,其中包括深基坑工程的土力学问题,深基坑工程在围护结构施工、降水过程中产生的坑底隆起、基坑稳定问题以及土方开挖各阶段的变形预测与控制问题分析与讨论,深基坑工程检查与信息化施工等内容。 | |
| 333 | @a适合岩土工程设计施工、监理人员使用,也可供相关专业的科研、教学人员参考使用 | |
| 586 | @a | |
| 606 | 0 | @a深基础@Ashen ji chu@x结构设计 |
| 606 | 0 | @a深基础@Ashen ji chu@x工程施工 |
| 690 | @aTU473.2@v5 | |
| 701 | 0 | @a郑刚@Azheng gang@4编著 |
| 701 | 0 | @a焦莹@Ajiao ying@4编著 |
| 702 | 0 | @a顾晓鲁@Agu xiao lu@4主审 |
| 801 | 0 | @aCN@c20110610 |
| 905 | @dTU473.2@eZ431@f3 | |
| 深基坑工程设计理论及工程应用/郑刚, 焦莹编著/顾晓鲁主审.-北京:中国建筑工业出版社,2010.12 |
| 436页:图;26cm |
| 使用对象:适合岩土工程设计施工、监理人员使用,也可供相关专业的科研、教学人员参考使用 |
| ISBN 978-7-112-12647-7:CNY66.00 |
| 全书共分7章,其中包括深基坑工程的土力学问题,深基坑工程在围护结构施工、降水过程中产生的坑底隆起、基坑稳定问题以及土方开挖各阶段的变形预测与控制问题分析与讨论,深基坑工程检查与信息化施工等内容。 |
| ● |
| 相关链接 |
|
|
|
正题名:深基坑工程设计理论及工程应用
索取号:TU473.2/Z431
 
预约/预借
| 序号 | 登录号 | 条形码 | 馆藏地/架位号 | 状态 | 备注 |
| 1 | 882239 | 208822390 | 建筑库101/101建筑库 98排4列3层/ [索取号:TU473.2/Z431] | 在馆 | |
| 2 | 882240 | 208822407 | 建筑库101/101建筑库 98排4列3层/ [索取号:TU473.2/Z431] | 在馆 | |
| 3 | 882241 | 208822416 | 建筑库101/101建筑库 98排4列3层/ [索取号:TU473.2/Z431] | 在馆 |